Géographie européenne par lettre - H - Statistiques

Statistiques générales
  • Ce quiz a été pris 815 fois
  • Le résultat moyen est 11 sur 20
Statistiques - réponses
indice répondre % Correct
Capitale de la Finlande Helsinki
99%
Ville pour laquelle les burgers sont nommés Hambourg
94%
Bosnie-__________ Herzégovine
92%
Pays enclavé Hongrie
88%
Pays-Bas région souvent confondue avec l'ensemble du pays Hollande
83%
Ville d'accueil du gouvernement des Pays-Bas La {Haye}
75%
Région contenant Lille et Amiens Hauts-de-France
69%
Une ville située sur la mer Méditerranée près de Toulon Hyères
67%
Mur romain dans le Yorkshire mur d'{Hadrien}
63%
Principal aéroport de Londres Heathrow
61%
Land allemande où vivent les Hessois Hesse
48%
Zone montagneuse écossaise Highlands
46%
Capitale de Crète Héraklion
45%
Capitale de la Basse-Saxe Hanovre
34%
Protestants français pendant les guerres de Religion huguenots
34%
Parc à Londres où se trouve le Speakers' Corner Hyde Park
28%
Où Guillaume le Conquérant a conquis en 1066 Hastings
26%
Croatie en croate Hrvatska
18%
Archipel écossais de l'ouest de plus de 100 îles Hébrides
14%
Fleuve et ville dans le Yorkshire (4 lettres) Hull
11%
Aucun quiz correspondant
Distribution des résultats
% des personnes avec chaque résultat
Percentile par nombre de réponses
Votre historique - résultats
Vous n’avez pas pris ce quiz